[Event "Eesti U16"]
[Site "Narva"]
[Date "2019.05.30"]
[Round "1.1"]
[White "Pedoson, Georg Aleksander"]
[Black "Rikas, Artur"]
[Result "1-0"]
[WhiteElo "2179"]
[BlackElo "1756"]
[PlyCount "79"]
[EventDate "2019.05.30"]
[EventRounds "7"]
[EventCountry "EST"]
[SourceVersionDate "2019.11.23"]

1. d4 Nf6 2. c4 c5 3. d5 e6 4. Nc3 exd5 5. cxd5 d6 6. e4 g6 7. Nf3 Bg7 8. Be2
O-O 9. O-O Bg4 10. Bf4 Bxf3 11. Bxf3 a6 12. a4 Qc7 13. Qc2 Re8 14. Rad1 Nbd7
15. Be2 Ne5 16. Bg3 Qb6 17. h3 Qc7 18. Rfe1 Rab8 19. Ra1 b6 20. Bxa6 Nh5 21.
Bh2 Bh6 22. Bb5 Rec8 23. Ne2 c4 24. Bxe5 dxe5 25. Bc6 Qd6 26. Qxc4 Bf8 27. g3
Qf6 28. Kg2 Qg5 29. h4 Qf6 30. b4 Bd6 31. Rab1 g5 32. Rh1 g4 33. Qc3 b5 34. a5
Qg6 35. Qe3 h6 36. a6 Rc7 37. Nc3 Nf4+ 38. gxf4 exf4 39. Qd4 g3 40. f3 1-0

[Event "Eesti U16"]
[Site "Narva"]
[Date "2019.05.30"]
[Round "1.2"]
[White "Nazarov, Vladislav"]
[Black "Timoshin, Andrei"]
[Result "0-1"]
[WhiteElo "1755"]
[BlackElo "2158"]
[PlyCount "72"]
[EventDate "2019.05.30"]
[EventRounds "7"]
[EventCountry "EST"]
[SourceVersionDate "2019.11.23"]

1. c4 e5 2. Nc3 Bb4 3. Nd5 a5 4. Nxb4 axb4 5. b3 d6 6. g3 Nf6 7. Bg2 O-O 8. Nf3
Nc6 9. O-O Qe7 10. Bb2 h6 11. d3 Bf5 12. Qd2 Ra7 13. Nh4 Bd7 14. a4 bxa3 15.
Rxa3 Rxa3 16. Bxa3 Ra8 17. Bb2 Qe8 18. Bc3 Nd4 19. Bxd4 exd4 20. Bxb7 Rb8 21.
Bg2 Rxb3 22. Ra1 Qb8 23. Qe1 Qb6 24. Nf3 Bf5 25. Nh4 Be6 26. Nf3 Rb2 27. h3 d5
28. cxd5 Nxd5 29. Kh2 Nc3 30. Ng1 Qb3 31. Bf3 c5 32. Ra8+ Kh7 33. Qc1 Rb1 34.
Qf4 Qd1 35. Be4+ Nxe4 36. Qxe4+ f5 0-1

[Event "Eesti U16"]
[Site "Narva"]
[Date "2019.05.30"]
[Round "1.3"]
[White "Sinitsõna, Anastassia"]
[Black "Krivenko, Dion"]
[Result "1-0"]
[WhiteElo "2126"]
[BlackElo "1746"]
[PlyCount "91"]
[EventDate "2019.05.30"]
[EventRounds "7"]
[EventCountry "EST"]
[SourceVersionDate "2019.11.23"]

1. Nf3 c5 2. g3 Nf6 3. Bg2 g6 4. O-O Bg7 5. d3 O-O 6. Nbd2 Nc6 7. Re1 d5 8. c4
d4 9. a3 a5 10. Qc2 Qd6 11. Ng5 Bf5 12. Nde4 Bxe4 13. Nxe4 Nxe4 14. Bxe4 f5 15.
Bg2 e5 16. Bd5+ Kh8 17. Bd2 f4 18. Kg2 g5 19. h3 fxg3 20. fxg3 e4 21. dxe4 h6
22. Rf1 Rfe8 23. Rae1 Be5 24. Qd3 Ne7 25. Bf7 Rf8 26. Bh5 b6 27. b3 Kg7 28. Bg4
Ng8 29. Bf5 Nf6 30. g4 Rfd8 31. Rh1 Nd7 32. h4 gxh4 33. Rxh4 Bf4 34. Reh1 Bxd2
35. Qxd2 Rh8 36. g5 h5 37. Rxh5 Rxh5 38. Rxh5 Rh8 39. Rxh8 Kxh8 40. Bxd7 Qxd7
41. Qf4 d3 42. exd3 Qxd3 43. Qf3 Qd2+ 44. Kh3 Qxg5 45. Qf8+ Kh7 46. Qf5+ 1-0

[Event "Eesti U16"]
[Site "Narva"]
[Date "2019.05.30"]
[Round "1.4"]
[White "Tõnisson, Trent Asso"]
[Black "Aga, Rihard"]
[Result "1/2-1/2"]
[WhiteElo "1732"]
[BlackElo "2023"]
[PlyCount "99"]
[EventDate "2019.05.30"]
[EventRounds "7"]
[EventCountry "EST"]
[SourceVersionDate "2019.11.23"]

1. e4 c6 2. d3 d5 3. Nd2 e5 4. Ngf3 Bd6 5. g3 Be6 6. Bg2 Nd7 7. O-O h6 8. c3
Ngf6 9. Qc2 O-O 10. Rd1 Qc7 11. Nf1 Rad8 12. b3 Nc5 13. Ne1 a5 14. Be3 dxe4 15.
dxe4 Ng4 16. Nd3 Nxe3 17. Nxe3 Nxd3 18. Rxd3 Bc5 19. Rad1 b5 20. Qd2 Be7 21.
Qc2 Rxd3 22. Rxd3 Rd8 23. Qd2 Rxd3 24. Qxd3 Qd6 25. Qxd6 Bxd6 26. Kf1 a4 27. c4
Bc5 28. cxb5 Bxe3 29. fxe3 cxb5 30. bxa4 Bxa2 31. axb5 Bc4+ 32. Ke1 Bxb5 33.
Kd2 Kf8 34. Kc3 Ke7 35. Kb4 Ba6 36. Kc5 Kd7 37. g4 g6 38. h4 f6 39. Bh3 Ke7 40.
Bg2 Bb7 41. Bf3 f5 42. gxf5 gxf5 43. Bg2 Kd7 44. Bf3 Ke7 45. Bg2 Kf6 46. Kd6
fxe4 47. Bh3 Ba8 48. Bc8 Kg6 49. Bg4 Kf6 50. Bc8 1/2-1/2

[Event "Eesti U16"]
[Site "Narva"]
[Date "2019.05.30"]
[Round "1.5"]
[White "Protassov, Vlad"]
[Black "Uibokant, Karl Oskar"]
[Result "1/2-1/2"]
[WhiteElo "2006"]
[BlackElo "1724"]
[PlyCount "55"]
[EventDate "2019.05.30"]
[EventRounds "7"]
[EventCountry "EST"]
[SourceVersionDate "2019.11.23"]

1. d4 d5 2. c4 dxc4 3. e3 e5 4. Bxc4 exd4 5. exd4 Nf6 6. Nf3 Be7 7. O-O O-O 8.
Nc3 Bg4 9. h3 Bh5 10. Be3 Nbd7 11. Rc1 c5 12. Be2 Rc8 13. Qb3 Nb6 14. Rfd1 c4
15. Qc2 Bg6 16. Qd2 Bb4 17. Ne5 Ne4 18. Qe1 Bf5 19. g4 Be6 20. Qf1 Bxc3 21.
bxc3 Nd5 22. Bd2 b5 23. Bf3 Nxd2 24. Rxd2 f6 25. Bg2 fxe5 26. dxe5 Qd7 27. Rcd1
Rc5 28. f4 {loetamatu} 1/2-1/2

[Event "Eesti U16"]
[Site "Narva"]
[Date "2019.05.30"]
[Round "1.7"]
[White "Nikitin, Arseni"]
[Black "Mihhailov, Nikita"]
[Result "1-0"]
[WhiteElo "1883"]
[BlackElo "1691"]
[PlyCount "91"]
[EventDate "2019.05.30"]
[EventRounds "7"]
[EventCountry "EST"]
[SourceVersionDate "2019.11.23"]

1. e4 c6 2. d4 d5 3. e5 c5 4. c3 Nc6 5. Nf3 Bg4 6. Be2 e6 7. Be3 Nge7 8. dxc5
Bxf3 9. Bxf3 Nxe5 10. Be2 N7c6 11. b4 a6 12. a3 Be7 13. Nd2 O-O 14. Nb3 Nc4 15.
Bxc4 dxc4 16. Qxd8 Rfxd8 17. Nd2 Bf6 18. O-O-O Rd3 19. Ne4 Rad8 20. Kc2 Be5 21.
Bd2 Ne7 22. f4 Bf6 23. Nf2 R3d5 24. g4 Nc6 25. Be3 g6 26. Ne4 Be7 27. Nd2 Bf6
28. Ne4 Bg7 29. Nd6 b5 30. Rxd5 exd5 31. Rd1 Ne7 32. f5 gxf5 33. gxf5 Be5 34.
Rg1+ Kf8 35. Bh6+ Bg7 36. Bxg7+ Kg8 37. Bh6+ Ng6 38. fxg6 hxg6 39. Bg5 Rf8 40.
Bf6 Kh7 41. Rg3 g5 42. Rxg5 Kh6 43. Nf5+ Kh7 44. Nh4 Re8 45. Rh5+ Kg8 46. Rh8#
1-0

[Event "Eesti U16"]
[Site "Narva"]
[Date "2019.05.30"]
[Round "1.9"]
[White "Orgse, Karl Kristofer"]
[Black "Padari, Tuudur Jakob"]
[Result "1-0"]
[WhiteElo "1813"]
[BlackElo "1592"]
[PlyCount "183"]
[EventDate "2019.05.30"]
[EventRounds "7"]
[EventCountry "EST"]
[SourceVersionDate "2019.11.23"]

1. d4 d5 2. c4 e6 3. Nc3 Nf6 4. Bg5 Be7 5. cxd5 exd5 6. e3 O-O 7. Bd3 b6 8.
Nge2 Bb7 9. O-O Nbd7 10. f3 c5 11. Bh4 Rc8 12. Bf2 Re8 13. Rc1 Nf8 14. Bb5 Bc6
15. Ba6 Rc7 16. Bd3 Ne6 17. Nb5 Bxb5 18. Bxb5 Rf8 19. Qd2 Qa8 20. Bg3 Rcc8 21.
Ba6 Rcd8 22. a3 Bd6 23. Bf2 Nc7 24. Bd3 c4 25. Bb1 b5 26. Ng3 Ne6 27. Nf5 Bc7
28. Bh4 g5 29. Bf2 Kh8 30. h4 Rg8 31. Nh6 Rg7 32. hxg5 Nxg5 33. Bh4 Rf8 34. Bf5
Qb8 35. Qf2 a6 36. Bxg5 Rxg5 37. Qh4 Bh2+ 38. Qxh2 Qxh2+ 39. Kxh2 Rh5+ 40. Kg1
Rxh6 41. g4 Rg8 42. Kg2 Ne8 43. Rh1 Rxh1 44. Rxh1 Rg7 45. Rh6 f6 46. e4 a5 47.
Be6 b4 48. axb4 axb4 49. Bxd5 c3 50. bxc3 bxc3 51. Rh1 Rc7 52. Rc1 Nd6 53. Bb3
Nb5 54. d5 Nd4 55. d6 Rd7 56. Rxc3 Nxb3 57. Rc8+ Kg7 58. Rc7 Nc5 59. Rxc5 Rxd6
60. Kg3 Kg6 61. Kf4 h6 62. Rd5 Ra6 63. e5 Ra4+ 64. Kg3 fxe5 65. Rxe5 Kf6 66.
Rb5 Ra3 67. Rb6+ Kg5 68. Rc6 Rb3 69. Rc5+ Kg6 70. Kf4 Rb4+ 71. Ke5 Rb1 72. Rc4
Rb5+ 73. Kf4 Rb6 74. Rc3 Rf6+ 75. Kg3 h5 76. gxh5+ Kxh5 77. Rc5+ Kg6 78. Kg4
Ra6 79. f4 Ra1 80. Rc6+ Kf7 81. Rb6 Rg1+ 82. Kf5 Ra1 83. Rb7+ Kf8 84. Kg5 Ra5+
85. f5 Ra6 86. Rh7 Ra5 87. Kg6 Ra1 88. Rh8+ Ke7 89. f6+ Ke6 90. Re8+ Kd7 91. f7
Rg1+ 92. Kh5 1-0

[Event "Eesti U16"]
[Site "Narva"]
[Date "2019.05.30"]
[Round "1.10"]
[White "Naestema, Joonas Aditya"]
[Black "Savinov, Matvei"]
[Result "1/2-1/2"]
[WhiteElo "1582"]
[BlackElo "1805"]
[PlyCount "59"]
[EventDate "2019.05.30"]
[EventRounds "7"]
[EventCountry "EST"]
[SourceVersionDate "2019.11.23"]

1. d4 d5 2. Nf3 Nf6 3. Bf4 Bf5 4. e3 e6 5. Be2 Nbd7 6. O-O Be7 7. Nbd2 O-O 8.
Nh4 Be4 9. f3 Bg6 10. Nxg6 fxg6 11. e4 Nb6 12. c4 c5 13. cxd5 cxd4 14. Nb3 exd5
15. Nxd4 dxe4 16. fxe4 Nxe4 17. Qb3+ Qd5 18. Qxd5+ Nxd5 19. Bc4 Nef6 20. Bg5
Kh8 21. Ne6 Rfc8 22. Bxd5 Nxd5 23. Bxe7 Nxe7 24. Rf7 Nf5 25. Rxb7 Rcb8 26.
Rxb8+ Rxb8 27. Rc1 Kg8 28. Rc7 Rxb2 29. Rxa7 Re2 30. Nf4 1/2-1/2

[Event "Eesti U16"]
[Site "Narva"]
[Date "2019.05.30"]
[Round "1.11"]
[White "Rõtshagov, Nikita"]
[Black "Sizov, Lev"]
[Result "1-0"]
[WhiteElo "1798"]
[BlackElo "1567"]
[PlyCount "55"]
[EventDate "2019.05.30"]
[EventRounds "7"]
[EventCountry "EST"]
[SourceVersionDate "2019.11.23"]

1. e4 c5 2. Nf3 d6 3. d4 cxd4 4. Nxd4 a6 5. c4 g6 6. Nc3 Bg7 7. Be3 Nc6 8. Be2
Nf6 9. O-O h5 10. h3 O-O 11. Qd2 Kh7 12. Rad1 Qc7 13. f4 Rd8 14. Nxc6 bxc6 15.
e5 Ne8 16. Ne4 d5 17. Ng5+ Kg8 18. e6 fxe6 19. Qc2 Nf6 20. Qxg6 Rf8 21. Bxh5 e5
22. fxe5 Qxe5 23. Bd4 Qd6 24. Nf7 Qc7 25. Bxf6 exf6 26. Rxf6 Qb6+ 27. Kh1 Qxb2
28. Nh6+ 1-0

[Event "Eesti U16"]
[Site "Narva"]
[Date "2019.05.30"]
[Round "1.12"]
[White "Lainevool, Mirko"]
[Black "Snitsarenko, Igor"]
[Result "0-1"]
[WhiteElo "1467"]
[BlackElo "1768"]
[PlyCount "82"]
[EventDate "2019.05.30"]
[EventRounds "7"]
[EventCountry "EST"]
[SourceVersionDate "2019.11.23"]

1. e4 c5 2. Nc3 e6 3. f4 Nc6 4. Bb5 Be7 5. Nf3 d5 6. Bxc6+ bxc6 7. d3 Nf6 8.
O-O O-O 9. Qe1 Ba6 10. Ne5 Qb6 11. Kh1 Rab8 12. Rf3 Bd6 13. Rh3 Qc7 14. Qg3 c4
15. Nf3 cxd3 16. e5 Be7 17. exf6 Bxf6 18. Ng5 Bxg5 19. fxg5 Qxg3 20. Rxg3 dxc2
21. b3 d4 22. Ne4 Rb5 23. Rd3 Rf5 24. Rf3 Re5 25. Rf4 Bd3 26. Ba3 Bxe4 27. Bxf8
Kxf8 28. Kg1 d3 29. Rf2 Rd5 30. Rd2 Rxg5 31. g3 Rc5 32. Rc1 Bg6 33. Kf2 e5 34.
Ke3 e4 35. h4 h5 36. Kd4 Ra5 37. Ra1 Rxa2 38. Rc1 Rb2 39. Rf2 Rb1 40. Rff1 Rxc1
41. Rxc1 d2 0-1

[Event "Eesti U16"]
[Site "Narva"]
[Date "2019.05.30"]
[Round "2.1"]
[White "Nikitin, Arseni"]
[Black "Pedoson, Georg Aleksander"]
[Result "0-1"]
[WhiteElo "1883"]
[BlackElo "2179"]
[PlyCount "74"]
[EventDate "2019.05.30"]
[EventRounds "7"]
[EventCountry "EST"]
[SourceVersionDate "2019.11.23"]

1. e4 c6 2. c4 d5 3. exd5 cxd5 4. cxd5 Nf6 5. Nc3 Nxd5 6. Bc4 Nb6 7. Bb3 Nc6 8.
Nf3 e6 9. d4 Be7 10. O-O Nb4 11. Bf4 O-O 12. h3 N4d5 13. Bh2 Bd7 14. Nxd5 exd5
15. Rc1 Be6 16. Bc7 Qe8 17. Bxb6 axb6 18. Qd2 Qd8 19. Ne5 f6 20. Nd3 Bf7 21.
Rfe1 Qd7 22. Nf4 Ra5 23. Kh1 Bd6 24. Nd3 Kh8 25. Re2 Raa8 26. Rce1 Rac8 27. Re3
Qb5 28. R3e2 g5 29. f4 Bg6 30. Re6 Bb8 31. fxg5 Qxd3 32. Qxd3 Bxd3 33. gxf6 Be4
34. Rxb6 Rc6 35. Rxb7 Rcxf6 36. Kg1 Bg3 37. Ra1 Rf2 0-1

[Event "Eesti U16"]
[Site "Narva"]
[Date "2019.05.30"]
[Round "2.2"]
[White "Timoshin, Andrei"]
[Black "Orgse, Karl Kristofer"]
[Result "1/2-1/2"]
[WhiteElo "2158"]
[BlackElo "1813"]
[PlyCount "34"]
[EventDate "2019.05.30"]
[EventRounds "7"]
[EventCountry "EST"]
[SourceVersionDate "2019.11.23"]

1. e4 c5 2. Nf3 d6 3. d4 cxd4 4. Qxd4 Nc6 5. Bb5 Bd7 6. Bxc6 Bxc6 7. c4 f5 8.
Nc3 e5 9. Qd3 fxe4 10. Nxe4 Nf6 11. Nfd2 Be7 12. Nxf6+ Bxf6 13. Ne4 d5 14. cxd5
Qxd5 15. Qxd5 Bxd5 16. f3 Bxe4 17. fxe4 Rc8 1/2-1/2

[Event "Eesti U16"]
[Site "Narva"]
[Date "2019.05.30"]
[Round "2.3"]
[White "Snitsarenko, Igor"]
[Black "Sinitsõna, Anastassia"]
[Result "0-1"]
[WhiteElo "1768"]
[BlackElo "2126"]
[PlyCount "94"]
[EventDate "2019.05.30"]
[EventRounds "7"]
[EventCountry "EST"]
[SourceVersionDate "2019.11.23"]

1. e4 c5 2. Nf3 e6 3. d4 cxd4 4. Nxd4 Nc6 5. c4 Nf6 6. Nc3 Qc7 7. Be3 a6 8. Be2
Bb4 9. f3 Ne5 10. Qb3 Bc5 11. O-O O-O 12. Kh1 d6 13. Nc2 Bxe3 14. Nxe3 Bd7 15.
f4 Nc6 16. Rac1 Nd4 17. Qd1 Nxe2 18. Qxe2 Bc6 19. Ng4 Nxg4 20. Qxg4 f5 21. Qe2
Rae8 22. Qd3 Rd8 23. Rf3 Qe7 24. Rcf1 fxe4 25. Nxe4 d5 26. Ng5 g6 27. R3f2 dxc4
28. Qxc4 Bd5 29. Qa4 e5 30. Nh3 e4 31. f5 e3 32. f6 Qe5 33. Re2 Rxf6 34. Rxf6
Qxf6 35. Qf4 Qxf4 36. Nxf4 Bxa2 37. h3 Re8 38. Kh2 Bc4 39. Re1 Kf7 40. Kg3 g5
41. Ne2 Rd8 42. Kf3 Rd2 43. b3 Bxe2+ 44. Rxe2 Rxe2 45. Kxe2 Ke6 46. Kxe3 Ke5
47. g3 h5 0-1

[Event "Eesti U16"]
[Site "Narva"]
[Date "2019.05.30"]
[Round "2.5"]
[White "Aga, Rihard"]
[Black "Kõlar, Karl Ustav"]
[Result "1-0"]
[WhiteElo "2023"]
[BlackElo "1664"]
[PlyCount "59"]
[EventDate "2019.05.30"]
[EventRounds "7"]
[EventCountry "EST"]
[SourceVersionDate "2019.11.23"]

1. d4 d5 2. c4 e6 3. Nc3 Nf6 4. Nf3 Nbd7 5. Bf4 Bb4 6. cxd5 Nxd5 7. Bd2 N7f6 8.
Qc2 b6 9. e4 Nxc3 10. bxc3 Be7 11. Bd3 c5 12. e5 Nd7 13. Bxh7 Bb7 14. Be4 Qc7
15. Bxb7 Qxb7 16. O-O cxd4 17. cxd4 Rc8 18. Qd3 Rd8 19. Rac1 Rh5 20. Qc2 g5 21.
Be3 g4 22. Nd2 Bb4 23. Qe4 Qxe4 24. Nxe4 Ke7 25. Rc4 Ba3 26. Ra4 Bb2 27. Rb4
Nxe5 28. Rxb2 Nf3+ 29. gxf3 gxf3 30. Bg5+ 1-0

[Event "Eesti U16"]
[Site "Narva"]
[Date "2019.05.30"]
[Round "2.7"]
[White "Pedmanson, Albert"]
[Black "Naestema, Joonas Aditya"]
[Result "1-0"]
[WhiteElo "1861"]
[BlackElo "1582"]
[PlyCount "83"]
[EventDate "2019.05.30"]
[EventRounds "7"]
[EventCountry "EST"]
[SourceVersionDate "2019.11.23"]

1. e4 d5 2. Nc3 Nf6 3. e5 d4 4. exf6 dxc3 5. fxg7 cxd2+ 6. Bxd2 Bxg7 7. c3 Bf5
8. Nf3 Nd7 9. Bc4 Nc5 10. Be3 Nd3+ 11. Bxd3 Qxd3 12. Qxd3 Bxd3 13. Bd4 Bxd4 14.
Nxd4 e5 15. Nb3 O-O-O 16. O-O-O Rhg8 17. g3 Bc4 18. Rxd8+ Rxd8 19. Re1 Bxb3 20.
axb3 f6 21. Re4 Kd7 22. Rh4 Rh8 23. Kd2 Ke6 24. g4 Kf7 25. Rh3 Kg6 26. Rd3 h6
27. Rd7 Rh7 28. Rxh7 Kxh7 29. Ke3 Kg6 30. f4 Kf7 31. fxe5 fxe5 32. Ke4 Kf6 33.
h4 c6 34. g5+ hxg5 35. hxg5+ Kxg5 36. Kxe5 Kg4 37. Kd6 Kf3 38. Kc7 Ke3 39. Kxb7
Kd3 40. Kxc6 Kc2 41. Kb5 Kxb3 42. Ka6 1-0

[Event "Eesti U16"]
[Site "Narva"]
[Date "2019.05.30"]
[Round "2.8"]
[White "Uibokant, Karl Oskar"]
[Black "Tõnisson, Trent Asso"]
[Result "1-0"]
[WhiteElo "1724"]
[BlackElo "1732"]
[PlyCount "73"]
[EventDate "2019.05.30"]
[EventRounds "7"]
[EventCountry "EST"]
[SourceVersionDate "2019.11.23"]

1. e4 d5 2. exd5 Qxd5 3. Nc3 Qa5 4. d4 Nf6 5. Bc4 c6 6. Nf3 Bf5 7. O-O e6 8. h3
Bd6 9. Bd3 Nbd7 10. Bxf5 Qxf5 11. Bd2 h6 12. Nh4 Qh7 13. Re1 O-O-O 14. Rb1 g5
15. Nf3 Rdg8 16. Ne5 g4 17. hxg4 Bxe5 18. dxe5 Nxg4 19. Bf4 Qf5 20. Bg3 h5 21.
Ne4 Qg6 22. Nd6+ Kc7 23. Nxb7 Nxf2 24. Qd6+ Kxb7 25. Qxd7+ Kb8 26. Qd6+ Kb7 27.
Qd7+ Kb8 28. Qd6+ Kb7 29. Re3 Qxc2 30. Rf1 h4 31. Bxf2 Rg3 32. Rxg3 hxg3 33.
Qd7+ Ka6 34. Qxa7+ Kb5 35. Qb6+ Ka4 36. b3+ Ka3 37. Qa5+ 1-0

[Event "Eesti U16"]
[Site "Narva"]
[Date "2019.05.30"]
[Round "2.9"]
[White "Rikas, Artur"]
[Black "Mihhailov, Nikita"]
[Result "1/2-1/2"]
[WhiteElo "1756"]
[BlackElo "1691"]
[PlyCount "125"]
[EventDate "2019.05.30"]
[EventRounds "7"]
[EventCountry "EST"]
[SourceVersionDate "2019.11.23"]

1. e4 c6 2. d3 d5 3. Nd2 Qc7 4. Ngf3 Bg4 5. g3 Nf6 6. Bg2 Nbd7 7. O-O e6 8. Re1
h5 9. h3 Bxf3 10. Nxf3 Bd6 11. Qe2 dxe4 12. dxe4 Bc5 13. Bd2 Qxg3 14. b4 Bb6
15. c4 Ne5 16. Bc3 Nxf3+ 17. Qxf3 Qxf3 18. Bxf3 O-O-O 19. Rad1 Rxd1 20. Rxd1
Rd8 21. e5 Rxd1+ 22. Bxd1 Ne4 23. Be1 g6 24. h4 Bd4 25. Bc2 Nc3 26. Bxc3 Bxc3
27. Kg2 Bxe5 28. Kf3 Kd7 29. Be4 b6 30. b5 f5 31. Bxc6+ Ke7 32. a4 Bf6 33. Kg3
g5 34. hxg5 Bxg5 35. f4 h4+ 36. Kf3 Bf6 37. Kf2 Kd6 38. Bb7 e5 39. fxe5+ Bxe5
40. Bc8 Bg3+ 41. Kg2 f4 42. Bb7 Kc5 43. Bd5 Kb4 44. Be6 Kxa4 45. Kf3 Kb4 46.
Kg2 Kc3 47. Kf3 Kd3 48. Kg2 Ke3 49. Bd5 Be1 50. Be6 f3+ 51. Kf1 f2 52. Bg4 Kf4
53. Bh3 Kg3 54. Bg2 h3 55. Be4 Kf4 56. Bc6 Ke3 57. Bd7 h2 58. Bc6 Bc3 59. Bd5
Be5 60. Bg2 Kd3 61. Kxf2 Kxc4 62. Bf1+ Kd4 63. Kg2 1/2-1/2

[Event "Eesti U16"]
[Site "Narva"]
[Date "2019.05.30"]
[Round "2.10"]
[White "Padari, Tuudur Jakob"]
[Black "Nazarov, Vladislav"]
[Result "1/2-1/2"]
[WhiteElo "1592"]
[BlackElo "1755"]
[PlyCount "82"]
[EventDate "2019.05.30"]
[EventRounds "7"]
[EventCountry "EST"]
[SourceVersionDate "2019.11.23"]

1. d4 Nf6 2. c4 e6 3. Nf3 b6 4. e3 Bb4+ 5. Bd2 Be7 6. b4 Bb7 7. Be2 Ne4 8. a3
d6 9. Nc3 Nxd2 10. Qxd2 Nd7 11. O-O Nf6 12. Rfd1 O-O 13. d5 e5 14. b5 Nd7 15.
e4 Nc5 16. Qc2 Bc8 17. Na4 Nb7 18. Nc3 Qe8 19. Rf1 Bd8 20. Nd2 f5 21. exf5 Bxf5
22. Bd3 Bxd3 23. Qxd3 Nc5 24. Qc2 Bg5 25. Nde4 Nxe4 26. Nxe4 Qg6 27. Qe2 Rf4
28. Rae1 Raf8 29. f3 Bh6 30. a4 Qe8 31. g3 R4f7 32. Rf2 Qa8 33. Kg2 a6 34. Ref1
axb5 35. axb5 Qa3 36. Qa2 Qa8 37. Ra1 Qc8 38. Qb3 Qd7 39. Ra7 Rc8 40. Qa3 Qd8
41. Ra2 Rf8 1/2-1/2

[Event "Eesti U16"]
[Site "Narva"]
[Date "2019.05.30"]
[Round "2.11"]
[White "Krivenko, Dion"]
[Black "Lainevool, Mirko"]
[Result "1-0"]
[WhiteElo "1746"]
[BlackElo "1467"]
[PlyCount "119"]
[EventDate "2019.05.30"]
[EventRounds "7"]
[EventCountry "EST"]
[SourceVersionDate "2019.11.23"]

1. e4 e5 2. Nf3 Nf6 3. Nc3 Nc6 4. Bb5 Bb4 5. d3 d6 6. h3 O-O 7. O-O Bxc3 8.
bxc3 h6 9. Ba3 Ne7 10. Re1 c6 11. Bc4 b5 12. Bb3 a5 13. d4 a4 14. dxe5 Ne8 15.
exd6 Ng6 16. Bxf7+ Rxf7 17. e5 Be6 18. Nd4 Qd7 19. g3 Nf8 20. Qe2 g6 21. Rad1
Ng7 22. g4 Bxa2 23. Qe3 Kh7 24. f4 Be6 25. Qg3 h5 26. Nf3 hxg4 27. Ng5+ Kg8 28.
Nxf7 Kxf7 29. hxg4 Bxg4 30. Rd2 Bh5 31. Qh4 Qg4+ 32. Qxg4 Bxg4 33. Rb1 Bd7 34.
c4 Nh5 35. Rf2 Rb8 36. cxb5 cxb5 37. c4 Ne6 38. f5 Nef4 39. e6+ Bxe6 40. fxe6+
Kxe6 41. Re1+ Kd7 42. Re7+ Kd8 43. Rb2 Nf6 44. Rf7 N4h5 45. Rf8+ Ne8 46. c5 Kd7
47. Bb4 Ra8 48. Re2 Nhf6 49. Rc2 a3 50. c6+ Kd8 51. Ra2 Nd5 52. Rxa3 Rxa3 53.
Bxa3 b4 54. d7 Ndc7 55. Bxb4 g5 56. Ba5 Ke7 57. Bb4+ Kd8 58. dxe8=Q+ Nxe8 59.
c7+ Kxc7 60. Rxe8 1-0

[Event "Eesti U16"]
[Site "Narva"]
[Date "2019.05.30"]
[Round "2.12"]
[White "Sizov, Lev"]
[Black "Shnurov, Daniil"]
[Result "0-1"]
[WhiteElo "1567"]
[BlackElo "1719"]
[PlyCount "58"]
[EventDate "2019.05.30"]
[EventRounds "7"]
[EventCountry "EST"]
[SourceVersionDate "2019.11.23"]

1. c4 e5 2. Nc3 Nf6 3. e4 c5 4. d3 d6 5. f4 Nc6 6. h3 h5 7. Nf3 Be7 8. Nd5 Nxd5
9. exd5 Nd4 10. Nxd4 Bh4+ 11. Kd2 cxd4 12. fxe5 Qa5+ 13. Kc2 dxe5 14. Bd2 Qc7
15. Rc1 Bf5 16. b4 Qxc4+ 17. Kb2 Qxd5 18. Rc5 Qd6 19. Qf3 Be6 20. Qxb7 O-O 21.
Qe4 Bf6 22. g4 Rfb8 23. Ka1 a5 24. Bg2 axb4 25. Rc6 Qd7 26. Bxb4 Rxa2+ 27. Kb1
Rxb4+ 28. Kc1 Bg5+ 29. Kd1 Ra1+ 0-1

[Event "Eesti U16"]
[Site "Narva"]
[Date "2019.05.31"]
[Round "3.2"]
[White "Sinitsõna, Anastassia"]
[Black "Timoshin, Andrei"]
[Result "1/2-1/2"]
[WhiteElo "2126"]
[BlackElo "2158"]
[PlyCount "100"]
[EventDate "2019.05.30"]
[EventRounds "7"]
[EventCountry "EST"]
[SourceVersionDate "2019.11.23"]

1. Nf3 d5 2. g3 g6 3. Bg2 Bg7 4. c4 c6 5. Qc2 Bf5 6. d3 e5 7. Nbd2 Ne7 8. O-O
O-O 9. Rb1 a5 10. b3 Na6 11. a3 Qd6 12. Bb2 h6 13. Rfe1 Be6 14. Rbc1 b5 15. Qb1
Rfb8 16. e4 dxc4 17. dxc4 bxc4 18. Nxc4 Bxc4 19. bxc4 Nc5 20. Rcd1 Qe6 21. Qc2
Rd8 22. Bf1 a4 23. Bc3 Nb3 24. Rxd8+ Rxd8 25. Rd1 Nd4 26. Nxd4 exd4 27. Bb4 Nc8
28. Qxa4 Qxe4 29. Re1 Qf5 30. Qxc6 Kh7 31. Re8 Rxe8 32. Qxe8 Nb6 33. Qb5 Qf6
34. a4 d3 35. Bxd3 Qa1+ 36. Kg2 Nxa4 37. Qe8 Nb2 38. Be4 Nxc4 39. Qxf7 Ne5 40.
Qb7 Qb2 41. Bc5 Qe2 42. Bd4 Qh5 43. Qd5 Bf6 44. f4 Qe2+ 45. Bf2 Ng4 46. Qf7+
Kh8 47. Qe8+ Kg7 48. Bxg6 Qxf2+ 49. Kh3 Qf1+ 50. Kxg4 Qd1+ 1/2-1/2

[Event "Eesti U16"]
[Site "Narva"]
[Date "2019.05.31"]
[Round "3.3"]
[White "Pedmanson, Albert"]
[Black "Aga, Rihard"]
[Result "1/2-1/2"]
[WhiteElo "1861"]
[BlackElo "2023"]
[PlyCount "51"]
[EventDate "2019.05.30"]
[EventRounds "7"]
[EventCountry "EST"]
[SourceVersionDate "2019.11.23"]

1. d4 Nf6 2. Nf3 g6 3. Bf4 d5 4. h3 Bg7 5. e3 O-O 6. Bd3 c5 7. c3 Nc6 8. O-O
Nd7 9. Re1 e5 10. dxe5 Ndxe5 11. Nxe5 Nxe5 12. Be2 Be6 13. Nd2 Qe7 14. Nf3
Nxf3+ 15. Bxf3 Rfd8 16. Qc2 Rac8 17. Rad1 b6 18. e4 d4 19. c4 Qd7 20. Be2 a6
21. Bd3 Qb7 22. Rb1 b5 23. b3 b4 24. Bg3 Qd7 25. f4 f5 26. e5 1/2-1/2

[Event "Eesti U16"]
[Site "Narva"]
[Date "2019.05.31"]
[Round "3.4"]
[White "Orgse, Karl Kristofer"]
[Black "Protassov, Vlad"]
[Result "1/2-1/2"]
[WhiteElo "1813"]
[BlackElo "2006"]
[PlyCount "52"]
[EventDate "2019.05.30"]
[EventRounds "7"]
[EventCountry "EST"]
[SourceVersionDate "2019.11.23"]

1. e4 c6 2. d4 d5 3. Nc3 dxe4 4. Nxe4 Bf5 5. Ng3 Bg6 6. h4 h6 7. Nf3 e6 8. h5
Bh7 9. Bd3 Bxd3 10. Qxd3 Nd7 11. Bd2 Ngf6 12. O-O-O Be7 13. Kb1 O-O 14. Ne4
Nxe4 15. Qxe4 Nf6 16. Qe2 Qd5 17. Ne5 Qe4 18. Qe3 Qxe3 19. Bxe3 Rad8 20. c4 Ne4
21. g4 Bf6 22. f3 Nd6 23. b3 a6 24. Rhe1 Rfe8 25. Bc1 b5 26. c5 Bxe5 1/2-1/2

[Event "Eesti U16"]
[Site "Narva"]
[Date "2019.05.31"]
[Round "3.5"]
[White "Uibokant, Karl Oskar"]
[Black "Nikitin, Arseni"]
[Result "0-1"]
[WhiteElo "1724"]
[BlackElo "1883"]
[PlyCount "104"]
[EventDate "2019.05.30"]
[EventRounds "7"]
[EventCountry "EST"]
[SourceVersionDate "2019.11.23"]

1. e4 c5 2. Nf3 d6 3. d4 cxd4 4. Nxd4 Nf6 5. Nc3 a6 6. g3 e5 7. Nb3 Be7 8. Bg2
Be6 9. O-O Nbd7 10. Be3 O-O 11. Nd5 Bxd5 12. exd5 Rc8 13. Rc1 Ne8 14. Qd3 f5
15. Bh3 g6 16. c4 b6 17. Nd2 Ng7 18. b4 g5 19. Nb3 g4 20. Bg2 f4 21. gxf4 exf4
22. Bd4 f3 23. Bxg7 Kxg7 24. Nd4 Rf6 25. Ne6+ Rxe6 26. dxe6 Ne5 27. Qd4 fxg2
28. Rfe1 Bf6 29. Kxg2 Qc7 30. a3 Qc6+ 31. Qd5 Be7 32. Kf1 Bg5 33. Rxe5 dxe5 34.
Qxe5+ Bf6 35. Qe3 Qh1+ 36. Ke2 Qf3+ 37. Qxf3 gxf3+ 38. Kxf3 Bb2 39. Rd1 Bxa3
40. Rd7+ Kf6 41. Rxh7 Bxb4 42. e7 Bc5 43. h4 Re8 44. Kg4 Bxf2 45. Rh6+ Kg7 46.
Re6 Bc5 47. Kf5 Rxe7 48. Rg6+ Kh7 49. h5 a5 50. Rg2 a4 51. Ra2 a3 52. Kg5 Rf7
0-1